Statistics for AFL Norm Smith Medallists

Click here to take the quiz!

General Stats

  • This quiz has been taken 167 times
    (79 since last reset)
  • The average score is 26 of 43

Answer Stats

YearClubPlayer% Correct
2017RichmondDustin Martin
100%
2008 | 2014HawthornLuke Hodge
95%
2015HawthornCyril Rioli
87%
2010CollingwoodScott Pendlebury
87%
2018West CoastLuke Shuey
87%
1982RichmondMaurice Rioli
83%
2011GeelongJimmy Bartel
83%
2019 | 2020RichmondDustin Martin
82%
2002CollingwoodNathan Buckley
82%
1989GeelongGary Ablett Sr.
80%
2005West CoastChris Judd
80%
2003Brisbane LionsSimon Black
78%
2016Western BulldogsJason Johannisen
75%
2010St KildaLenny Hayes
73%
2009GeelongPaul Chapman
70%
2013HawthornBrian Lake
68%
2000EssendonJames Hird
67%
2007GeelongSteve Johnson
67%
2006West CoastAndrew Embley
60%
2012SydneyRyan O'Keefe
58%
1997 | 1998AdelaideAndrew McLeod
57%
2004Port AdelaideByron Pickett
55%
2001Brisbane LionsShaun Hart
50%
1996North MelbourneGlenn Archer
47%
1995CarltonGreg Williams
47%
1992West CoastPeter Matera
45%
1993EssendonMichael Long
43%
1986 | 1988HawthornGary Ayres
42%
1990CollingwoodTony Shaw
42%
1980RichmondKevin Bartlett
40%
1999North MelbourneShannon Grant
40%
1979CarltonWayne Harmes
38%
1994West CoastDean Kemp
37%
1985EssendonSimon Madden
37%
1991HawthornPaul Dear
33%
1981CarltonBruce Doull
33%
1987CarltonDavid Rhys-Jones
30%
1984EssendonBilly Duckworth
23%
1983HawthornColin Robertson
22%

Score Distribution

Percentile by Number Answered

Percent of People with Each Score

Your Score History

You have not taken this quiz since the last reset